Biggest Trading Partners - Canada - Statistics

General Stats
  • This quiz has been taken 34 times
  • The average score is 25 of 29
Answer Stats
Exports Country % Correct
2.50 bil France
100%
3.84 bil France
100%
9.99 bil Japan
100%
12.36 bil Japan
100%
4.95 bil Mexico
100%
15.15 bil Mexico
100%
9.91 bil United Kingdom
100%
9.70 bil United Kingdom
100%
254.71 bil United States
100%
192.27 bil United States
100%
2.14 bil Brazil
97%
2.33 bil Brazil
97%
9.28 bil China
97%
34.58 bil China
97%
1.96 bil Italy
97%
3.87 bil Italy
97%
3.37 bil South Korea
97%
5.14 bil South Korea
97%
3.42 bil Germany
94%
9.27 bil Germany
94%
2.01 bil India
94%
3.08 bil Netherlands
88%
2.36 bil Belgium
78%
2.54 bil Norway
66%
5.71 bil Norway
66%
2.07 bil Saudi Arabia
59%
2.13 bil Iraq
47%
2.28 bil Peru
38%
7.25 bil Algeria
19%
No matching quizzes found
Score Distribution
Percent of People with Each Score
Percentile by Number Answered
Your Score History
You have not taken this quiz